| 000 | 01298nam a2200325 i 4500 | ||
|---|---|---|---|
| 001 | 13665 | ||
| 003 | ES-MaACL | ||
| 005 | 20251012191949.0 | ||
| 007 | t| | ||
| 008 | 900504s1988 xxk ||||0| spa j ..| | ||
| 015 | _a1990-ABR-8014 | ||
| 016 | 7 | _zSAB9000080455 | |
| 020 | _a0-7293-0277-6 | ||
| 040 |
_aM-BN-DP _bspa _cM-BN-DP |
||
| 080 | _a860 Celaya, Gabriel 1.06 | ||
| 080 | _a860 González, Angel 1.06 | ||
| 080 | _a860 Caballero Bonald, J. M. 1.06 | ||
| 100 | 1 |
_aVillanueva, Tino. _9115033 |
|
| 245 | 1 | 0 |
_aTres poetas de posguerra: Celaya, González y Caballero Bonald _b: (estudios y entrevistas) / _cTino Villanueva. |
| 260 |
_aLondon : _bTamesis Books ; _aMadrid : _bCastalia [distribuidor], _cD.L. 1988. |
||
| 300 |
_a381 p. ; _c25 cm. |
||
| 490 | 1 |
_aColección Támesis. Serie A. Monografías ; _v130 |
|
| 504 | _aBibliografía: p. 365-369. Indice. | ||
| 600 | 1 | 4 |
_aCelaya, Gabriel, _d1911-1991- _xCrítica e interpretación _937347 |
| 600 | 1 | 4 |
_aGonzález, Ángel, _d1925-2008- _xCrítica e interpretación _958281 |
| 600 | 1 | 4 |
_aCaballero Bonald, José Manuel, _d1926-2021- _xCrítica e interpretación _933098 |
| 830 | 0 |
_aColección Támesis. Serie A. Monografías ; _v130 _9180336 |
|
| 852 |
_aES-MaACL _jL-21041 _bR.115529 |
||
| 999 |
_c13665 _d13665 |
||